[Event "W-ch Disabled"]
[Site "Dresden"]
[Date "2013.10.27"]
[Round "6"]
[White "Gerasimova, Olga"]
[Black "Markov, Ilja"]
[Result "0-1"]
[WhiteElo "2089"]
[BlackElo "1917"]
[PlyCount "106"]
[EventDate "2013.10.22"]
[EventType "swiss"]
[EventRounds "7"]
[EventCountry "GER"]
[SourceTitle "CBM 157 Extra"]
[Source "ChessBase"]
[SourceDate "2013.12.19"]
[SourceVersion "1"]
[SourceVersionDate "2013.12.19"]
[SourceQuality "1"]

1. e4 d5 2. exd5 Nf6 3. d4 Nxd5 4. c4 Nf6 5. Nc3 g6 6. Be2 Bg7 7. Be3 c6 8. h3 Nbd7 9. Nf3 Qc7 10. Qd2 a6 11. 0-0 0-0 12. Bh6 Rd8 13. Bxg7 Kxg7 14. Rad1 b5 15. b3 Bb7 16. Qe3 Re8 17. Ne5 b4 18. Na4 e6 19. Bf3 Rac8 20. Rfe1 Red8 21. h4 Re8 22. c5 Rcd8 23. Qf4 Nxe5 24. dxe5 Nd5 25. Bxd5 exd5 26. Qxb4 Bc8 27. Qf4 Re6 28. Qg3 Rde8 29. f4 R6e7 30. Kf2 Bf5 31. Rh1 h5 32. Qc3 Kg8 33. g3 f6 34. Rhe1 fxe5 35. Rxe5 Rxe5 36. fxe5 Qxe5 37. Re1 Qxe1+ 38. Qxe1 Rxe1 39. Kxe1 Kf7 40. Nc3 Kf6 41. Kd2 Ke5 42. a3 Kd4 43. Na4 Bg4 44. b4 Ke4 45. Nb2 Kf3 46. Nd3 Kxg3 47. Ne5 Kxh4 48. Nxc6 Kg3 49. Ne5 Bf5 50. a4 h4 51. Ke3 h3 52. Nf3 Be4 53. Ng5 h2 0-1